Представление документа в формате RUSMARC

ПолеНазваниеЗначение
  Тип записи a
  Библиографический уровень a
001 Контрольный номер RU/CBS_UL/BASE/560877714
005 Дата корректировки 20240209175217.0
100 Данные общей обработки __
a Данные общей обработки 20171009d2017 ||| 0rusy0189 ca
101 Язык документа 0_
a Язык текста rus
102 Страна публикации __
a Страна публикации RU
105 Кодированные данные (монография) __
a Кодированные данные (монография) y###||||000|y
200 Заглавие и сведения об ответственности 1_
a Заглавие Вот это школы!
b Общее обозначение материала Текст
e Сведения, относящиеся к заглавию [как учатся дети в разных странах]
300 Общие примечания __
a Общие примечания Ограничения по возрасту - 6+
461 Уровень набора _0
1 2000
a Классный журнал
463 Уровень физической единицы _0
1 001RU/CBS_UL/BASE/560868170
1 2000
a № 36
v С. 12-13
1 210
d 2017
606 Тематические рубрики 0_
a Основная рубрика Школы - Зарубежные страны
610 Ключевые слова 0_
a Ключевые слова школы зарубежные
a Ключевые слова учёба в зарубежных странах
a Ключевые слова дети (обучение)
686 Индексы других классификаций __
a Классификационный индекс 74.27(3)
2 Код системы ББК
801 Источник записи _0
a Страна RU
b Организация МБУК ЦБС г. Ульяновска
c Дата составления 20171009
g Правила каталогизации RCR
801 Источник записи _1
a Страна RU
b Организация МБУК ЦБС г. Ульяновска
c Дата составления 20171009
g Правила каталогизации RCR
901 Тип документа __
t Тип документа b
w Контрольный № источника RU/CBS_UL/BASE/560868170
910 Корректоры записи __
a Корректор записи Ильина
938 Служебная информация __
a Имя БД period